000 00607nam a2200205 a 4500
001 BRCA_8240
005 20190320210205.0
008 260514s1910----mx-o###f##---#000-0#----#
041 _a---
044 _amx
050 4 _aTR640
_b.A43
_c1910
245 1 0 _aÁlbum fotográfico
_c[1910]
300 _a2 v.
_bil., fotos
_c25 cm.
500 _aT60
505 0 _av.1: 46 hojas con dos fotografías cada una.-- v.2: 47 hojas con dos fotografías cada una
650 1 4 _aÁlbum fotográfico
_vMuebles artísticos
_920548
650 1 4 _aÁlbum fotográfico
_vObras de arte
_920549
902 _aGFM
942 _2lcc
_cB
999 _c7908
_d7908